Дело о назначении в пользу инвалидов русского спектакля и маскарада

Доступно только в Электронных читальных залах Найти на картеНа карте
RUSMARC
00003710nmc2a22000003x 450
001f44b5de7-17ed-47b0-b33c-0010396cdd3b
00520181221184330.0
100##$a20170622l18441845k l0rusy0189 ca
1010#$arus
102##$aRU
2001#$aДело о назначении в пользу инвалидов русского спектакля и маскарада
$j12 января 1844 г. - 13 января 1845 г.
251##$cДело
300##$aПо Санкт-Петербургской дирекции
300##$aДело
801#0$aRU
$bРГИА
$c20170622
$gRCR
801#1$aRU
$bГлавНИВЦ
$c20170622
$2rusmarc
801#2$aRU
$bПБ им. Б.Н. Ельцина
$c20181221
$gRCR
$2rusmarc
850##$aРГИА
852##$aРГИА
$eФедеральное казенное учреждение "Российский государственный исторический архив" (РГИА)
$j10036
937##$hРГИА
$d12242596
$aASBIBLIO_SCAN
462#0$1001dd3991dc-24e1-42ec-8838-ca4255420416
$12001
$a1746-1850 гг.
$1251
$cОпись
$1852
$j1
461#0$10019264ebf8-de62-4f1a-9eb4-9f22098dbbd5
$12001
$aДирекция императорских театров МИДв
$1251
$cФонд
$1852
$j497
215##$a26 л.
$d36,5х26 см
371##$aДокумент не является опубликованным и широко распространяемым
105##$ay###
1222#$ad
035##$af44b5de7-17ed-47b0-b33c-0010396cdd3b
856##$uhttp://readingroom.main.prlib.ru/item.aspx?id_node=n122178305&mode=full
Формат отображения